000 00819cam a2200253 a 4500
999 _c7191
_d7191
001 7191
003 BD - Jhcc
005 20180206095005.0
008 880808s1936 enk 000 0 eng d
035 _a37-08370
035 _a(BD - Jhcc)7191
040 _aDLC
_cIVD
_dOCL
_dm.c
_dOCL
_dEQO
_dBD - Jhcc
041 _aeng
050 0 _aPR503
_b.L4
082 _a821.09
_bLEA 1936
100 1 _aLeavis, F. R.
_q(Frank Raymond),
_d1895-1978.
245 1 0 _aRevaluation :
_btradition & development in English poetry /
_cF.R. Leavis.
260 _aLondon :
_bChatto & Windus,
_c1936.
300 _aviii, 275 p. ;
_c22 cm.
505 0 _aThe line of wit.--Milton's verse.--Pope.--The Augustan tradition.--Wordsworth.--Shelley.--Keats.
650 0 _aEnglish poetry
_xHistory and criticism.
942 _2ddc
_cBK